000 00707nam a22002177a 4500
999 _c159942
_d159942
005 20190110152945.0
006 a|||||f|||| 00| 0
007 tc
008 181207b |||||f|||| 00| 0 eng d
010 _aB-347949-B-347950
020 _c33.00
035 _aB-347949
037 _bAICB
082 _a921
245 _aBaba Khadhag singh and India's struggle for freedom
260 _aNew Delhi
_bAICB
_cn.d.
270 _aSector-5, Rohini
_bNew |Delhi
_e110085
_k011-27054082
300 _avarious pages
_c30cm.(HB)
942 _2ddc
_cBRLEN
_h921
_mBAB